Agricultural medicine : occupational and environmental health for the health professions

Bibliographic Details
Main Authors: Donham, Kelley J. (Author), Thelin, Anders (Author)
Format: Book
Language:English
Published: Ames, Iowa : Blackwell Publishing , c2006
Subjects:
Online Access:Table of contents

MARC

LEADER 00000cam a2200000 7i4500
001 0000053421
005 20210110093000.0
008 071217s2006 iauabf b 001 0 eng
020 |a 0813818036 (alk. paper) 
020 |a 9780813818030 
050 0 0 |a RC965.A5   |b D66 2006 
060 1 0 |a WA 400   |b D682a 2006 
090 0 0 |a WA 400   |b D682a 2006 
100 1 |a Donham, Kelley J. ,   |e author 
245 1 0 |a Agricultural medicine :   |b occupational and environmental health for the health professions   |c Kelley J. Donham, Anders Thelin 
260 |a Ames, Iowa :   |b Blackwell Publishing ,   |c c2006 
300 |a xvi, 429 p., [8] p. of plates :   |b ill. (some col.), maps (some col.) ;   |c 27 cm. 
504 |a Includes bibliographical references and index 
505 1 |a Introduction and overview -- Special risk populations in agricultural communities -- Agricultural respiratory diseases -- Agricultural skin diseases -- Cancer in agricultural populations -- Health effects of agricultural pesticides -- General environmental hazards in agriculture -- Musculoskeletal diseases in agriculture -- Physical factors affecting health in agriculture -- Psychosocial conditions in agriculture -- Acute agricultural injuries -- Veterinary biological and therapeutic occupational hazards -- Zoonotic diseases : an overview -- Prevention of illness and injury in agricultural populations 
650 0 |a Agricultural laborers   |x Diseases 
650 0 |a Agricultural laborers   |x Health and hygiene 
650 0 |a Agriculture   |x Health aspects 
650 0 |a Medicine, Rural 
650 0 |a Rural health 
650 1 2 |a Occupational Health 
650 2 2 |a Agricultural Workers' Diseases 
650 2 2 |a Agriculture 
650 2 2 |a Rural Health 
700 1 |a Thelin, Anders ,   |e author 
856 4 1 |3 Table of contents   |u http://www.loc.gov/catdir/toc/ecip0515/2005019313.html 
999 |a 1000113980   |b Book   |c OPEN SHELF (30 DAYS)   |e Medical Campus